000
00336nam a2200133Ia 4500
008
151001s9999||||xx |||||||||||||| ||und||
100
_a
दुर्गा - भागवत
245
_a
तुळशीचे लग्न
250
_a
1
260
_b
वरदा बुक्स
260
_c
1975
300
_a
40
365
_b
22
999
_c
960467
_d
960464